The Roman Eastern Frontier And The Persian Wars Ad 226-...(E-BOOK) (Record no. 192878)
[ view plain ]
| 000 -LEADER | |
|---|---|
| fixed length control field | 00409 a2200133 4500 |
| 003 - CONTROL NUMBER IDENTIFIER | |
| control field | Nust |
| 005 - DATE AND TIME OF LATEST TRANSACTION | |
| control field | 20170207154046.0 |
| 035 ## - SYSTEM CONTROL NUMBER | |
| System control number | (SFX)1000000000255270 |
| 040 ## - CATALOGING SOURCE | |
| Transcribing agency | Nust |
| 082 ## - DEWEY DECIMAL CLASSIFICATION NUMBER | |
| Classification number | 297.16 |
| 245 14 - TITLE STATEMENT | |
| Title | The Roman Eastern Frontier And The Persian Wars Ad 226-...(E-BOOK) |
| Medium | [Elektronisk resurs] |
| 260 ## - PUBLICATION, DISTRIBUTION, ETC. | |
| Place of publication, distribution, etc. | London : |
| Name of publisher, distributor, etc. | Routledge |
| Date of publication, distribution, etc. | 1993 |
| 651 ## - SUBJECT ADDED ENTRY--GEOGRAPHIC NAME | |
| Geographic name | The Roman Eastern Frontier And The Persian Wars Ad 226-...(E-BOOK) |
| 942 ## - ADDED ENTRY ELEMENTS (KOHA) | |
| Source of classification or shelving scheme | |
| Koha item type | Book |
| Withdrawn status | Lost status | Source of classification or shelving scheme | Damaged status | Not for loan | Collection code | Permanent Location | Current Location | Date acquired | Total Checkouts | Full call number | Barcode | Date last seen | Price effective from | Koha item type |
|---|---|---|---|---|---|---|---|---|---|---|---|---|---|---|
| Military College of Signals (MCS) | Military College of Signals (MCS) | 12/12/2016 | 297.16 LIE | MCSEB-2379 | 12/08/2016 | 12/12/2016 | Book |
